Taylor Swift - Devine la chanson sans indices #79 - Statistiques

Statistiques générales
  • Ce quiz a été pris 284 fois
  • Le résultat moyen est 131 sur 262
Statistiques - réponses
Réponse % Correct
I
100%
You
98%
the
93%
he
89%
me
89%
is
82%
and
79%
And
79%
Be
79%
be
79%
my
79%
on
78%
to
78%
In
77%
in
77%
who
75%
This
73%
go
72%
that
72%
That
72%
ha
71%
Ha
71%
ha,
71%
So
71%
you're
71%
I'm
70%
was
70%
"Hi
63%
like
63%
not
62%
say
59%
But
58%
with
54%
Cause
48%
if
48%
him
47%
how
47%
up
46%
La
44%
la
44%
la,
44%
I'd
43%
I've
43%
from
42%
think
39%
gonna
38%
got
38%
about
37%
well
34%
talk
32%
their
32%
they're
32%
things
32%
thing's
32%
phone
30%
broke
29%
every
29%
bad
28%
monologue
28%
monologue!
28%
guy
26%
there's
24%
might
22%
nothing
22%
real
22%
Something
22%
songs
21%
Hey
20%
okay
20%
cheat
19%
into
19%
Kanye
19%
doing
18%
Joe
18%
Joe,
18%
more
18%
Taylor!"
18%
bring
17%
mention
17%
stage
17%
writing
17%
SNL
16%
Twilight
15%
dating
14%
public
14%
ashamed
13%
names
13%
ruined
13%
security
13%
werewolf
13%
glitter
12%
wondering
12%
dresses
11%
hosting
11%
musical
11%
sparkly
11%
Tonight
11%
VMA
11%
douch-bags
10%
comment
9%
expecting
9%
lining
9%
ran
9%
smell
8%
winter
8%
write
8%
baking
6%
Aucun quiz correspondant
Distribution des résultats
% des personnes avec chaque résultat
Percentile par nombre de réponses
Votre historique - résultats
Vous n’avez pas pris ce quiz